| 000 | 01547nam a22002057a 4500 | ||
|---|---|---|---|
| 999 |
_c63846 _d63846 |
||
| 003 | Ge_BSU | ||
| 005 | 20260203195347.0 | ||
| 008 | 260203s2008 ge ||||| |||| 00| 0 geo d | ||
| 020 | _a9789941007231 | ||
| 041 | _ageo | ||
| 080 | _a342.4(100) ს-17 | ||
| 245 |
_aსაზღვარგარეთის ქვეყნების კონსტიტუციები. ნაწ. 1 : _b[აშშ, არგენტინა, დანია, იაპონია, ჩეხეთი, მაროკო, კუბა, ლატვია, რუსეთი, სომხეთი, შვეიცარია, ქუვეითი] / _cშემდგ. ჯგუფის ხელმძღვ. და პმგ რედ. ვასილ გონაშვილი; კავშირი "იურისტები სამართლებრივი სახელმწიფოსთვის". |
||
| 250 | _a(მე-2 გადამუშავებული გამოცემა). | ||
| 264 |
_aთბილისი, _c2008. |
||
| 300 |
_a683 გვ.; _b21 სმ. |
||
| 653 | _aსაზღვარგარეთის ქვეყნების კონსტიტუციები | ||
| 700 |
_aგონაშვილი, ვასილ _eშემდგენელი, რედაქტორი. _926799 |
||
| 710 |
_aკავშირი "იურისტები სამართლებრივი სახელმწიფოსთვის" _916832 |
||
| 942 |
_2udc _cᲬᲘᲒᲜᲘ |
||